Total Drama All Stars Ultimate Elimination Order - Statistics

General Stats
  • This quiz has been taken 22 times
  • The average score is 11 of 41
Answer Stats
Placement Character % Correct
Host Chris McLean
93%
Co-Co-Host Chef Hatchet
36%
1st (F) Courtney
36%
31st Anne-Maria
29%
13th Brick
29%
27th Cameron
29%
DEBUT Dakota
29%
10th DJ
29%
30th Ezekiel
29%
18th Gwen
29%
21st/20th Harold
29%
8th Izzy
29%
29th/28th Justin
29%
6th Leshawna
29%
19th Lightning
29%
32nd Owen
29%
25th Sam
29%
22nd Sierra
29%
35th Sugar
29%
26th Trent
29%
15th Alejandro
21%
34th Beth
21%
Co-Host Blaineley O'Halloran
21%
12th/11th Cody
21%
9th Dakota
21%
21st/20th Duncan
21%
29th/28th Geoff
21%
12th/11th Heather
21%
4th Jasmine
21%
24th Jo
21%
14th Lindsay
21%
33rd Mike
21%
5th Noah
21%
Xth Scott
21%
RETURN Scott
21%
3rd/2nd Scott
21%
23rd Shawn
21%
17th Sky
21%
7th Topher
21%
1st (M) Tyler
21%
16th Zoey
21%
No matching quizzes found
Score Distribution
Percent of People with Each Score
Percentile by Number Answered
Your Score History
You have not taken this quiz